| 000 | 00806cam a22002653a 4500 | ||
|---|---|---|---|
| 001 | 615 | ||
| 003 | PGUSA | ||
| 005 | 20140828082950.0 | ||
| 008 | 960801s1996||||xxu|||||s|||||000 p eng d | ||
| 040 |
_aPGUSA _beng |
||
| 042 | _adc | ||
| 050 | 4 | _aPQ | |
| 100 | 1 |
_aAriosto, Lodovico, _d1474-1533 |
|
| 245 | 1 | 0 |
_aOrlando Furioso _h[electronic resource] / _cLodovico Ariosto |
| 260 |
_bProject Gutenberg, _c1996 |
||
| 506 | _aPublic domain in the USA. | ||
| 516 | _aElectronic text | ||
| 653 | _aEpic poetry, Italian -- Translations into English | ||
| 653 | _aKnights and knighthood -- Poetry | ||
| 653 | _aRoland (Legendary character) -- Romances | ||
| 700 | 1 |
_aRose, William Stewart, _d1775-1843 |
|
| 830 | 0 |
_aProject Gutenberg _v615 |
|
| 856 | 4 | 0 | _uhttp://www.gutenberg.org/ebooks/615 |
| 942 | _cEB | ||
| 999 |
_c229966 _d229966 |
||